Pays avec plusieurs îles peuplées - Statistiques

Statistiques générales
  • Ce quiz a été pris 124 fois
  • Le résultat moyen est 6 sur 8
Statistiques - réponses
° îles pays % Correct
12 Indonésie
96%
5 Japon
92%
9 Philippines
80%
2 Royaume-Uni
73%
3 Etats-Unis
71%
2 Nouvelle-Zélande
70%
5 Chine
48%
2 Italie
47%
Aucun quiz correspondant
Distribution des résultats
% des personnes avec chaque résultat
Percentile par nombre de réponses
Votre historique - résultats
Vous n’avez pas pris ce quiz